Fire safe design : a new approach to multi-storey steel-framed buildings. (Record no. 101034)
[ view plain ]
| 000 -LEADER | |
|---|---|
| fixed length control field | 00854cam a2200253 4500 |
| 008 - FIXED-LENGTH DATA ELEMENTS--GENERAL INFORMATION | |
| fixed length control field | 000000n2000 000 0 eng u |
| 020 ## - INTERNATIONAL STANDARD BOOK NUMBER | |
| International Standard Book Number | 1859421202 |
| 035 ## - SYSTEM CONTROL NUMBER | |
| System control number | (Sirsi) u109973 |
| 050 ## - LIBRARY OF CONGRESS CALL NUMBER | |
| Classification number | 693.82 |
| 100 ## - MAIN ENTRY--PERSONAL NAME | |
| Personal name | Newman, G. M. |
| 245 ## - TITLE STATEMENT | |
| Title | Fire safe design : a new approach to multi-storey steel-framed buildings. |
| 260 ## - PUBLICATION, DISTRIBUTION, ETC. | |
| Place of publication, distribution, etc. | Ascot, Berks. |
| Name of publisher, distributor, etc. | Steel Construction Institute |
| Date of publication, distribution, etc. | 2000 |
| 300 ## - PHYSICAL DESCRIPTION | |
| Extent | x, 95p. ; 30cm. |
| 350 ## - PRICE (NR) (BK AM CF MU VM SE) [OBSOLETE] | |
| Price | 50.00 |
| 650 ## - SUBJECT ADDED ENTRY--TOPICAL TERM | |
| Topical term or geographic name entry element | FIRE PREVENTION |
| 650 ## - SUBJECT ADDED ENTRY--TOPICAL TERM | |
| Topical term or geographic name entry element | MANAGEMENT-HEALTH AND SAFETY-FIRE SAFETY |
| 650 ## - SUBJECT ADDED ENTRY--TOPICAL TERM | |
| Topical term or geographic name entry element | BUILT ENVIRONMENT-CONSTRUCTION DESIGN |
| 690 ## - LOCAL SUBJECT ADDED ENTRY--TOPICAL TERM (OCLC, RLIN) | |
| Topical term or geographic name as entry element | BUILT ENVIRONMENT-CONSTRUCTION DESIGN |
| 700 ## - ADDED ENTRY--PERSONAL NAME | |
| Personal name | Robinson, J. T. |
| 700 ## - ADDED ENTRY--PERSONAL NAME | |
| Personal name | Bailey |
| -- | . G. |
| 710 ## - ADDED ENTRY--CORPORATE NAME | |
| Corporate name or jurisdiction name as entry element | Steel Construction Institute |
| 9 (RLIN) | 1900 |
| 710 ## - ADDED ENTRY--CORPORATE NAME | |
| Corporate name or jurisdiction name as entry element | United Kingdom |
| Subordinate unit | Department of the Environment, Transport and the Regions |
| 9 (RLIN) | 3507 |
| 942 ## - ADDED ENTRY ELEMENTS (KOHA) | |
| Suppress in OPAC | 0 |
| Withdrawn status | Lost status | Source of classification or shelving scheme | Damaged status | Not for loan | Home library | Current library | Shelving location | Date acquired | Cost, normal purchase price | Total Checkouts | Full call number | Barcode | Date last seen | Date last checked out | Copy number | Cost, replacement price | Price effective from | Koha item type |
|---|---|---|---|---|---|---|---|---|---|---|---|---|---|---|---|---|---|---|
| Dewey Decimal Classification | London | London | Folio | 12/02/2001 | 50.00 | 6 | F693.82 NEW | 30063410 | 06/08/2019 | 05/10/2009 | 1 | 50.00 | 06/08/2019 | Book |